000 00869 a2200145 4500
082 _a759
_bP659a
110 _aViscontea Distribuidora SCA
_9261
245 _aArte Moderno
_bEl Futurismo
260 _aBuenos Aires, Argentina
_bViscontea Distribuidora SCA
_c1977
300 _a112 p
_bill (a color)
_c31.5 cm
440 _vVol 1
_9262
505 _tEl Manifiesto del Futurismo y los pintores Futuristas, por Mauricio Calvesi
_tBoccioni y el Futurismo milanes, por Mauricio Calvesi
_tDossier Cientifico
_tAntologia Critica
_tFundacion y manifiesto del futurismo
_tManifiesto de los pintores futuristas
_tLa pintura futurista-Manifiesto tecnico
_tLa escultura futurista
_tIndice de los nombres
_tIndice de las ilustraciones en color
_tIndice de las ilustraciones en negro
_tNotas
650 _xarte moderno
_xfuturismo
_xarte-historia-siglo XX
_9263
710 _aViscontea Distribuidora SCA
_9264
999 _c45
_d45